Produktivita práce

Produktivita práce je považovaná za ukazovateľ hospodárskeho rastu krajiny s najvyššou výpovednou schopnosťou. Slúži tiež ako indikátor pre porovnanie konkurencieschopnosti jednotlivých krajín, prípadne skupiny krajín. Poskytuje obraz efektivity procesov nielen na úrovni národohospodárskej, ale i od...

ver descrição completa

Na minha lista:
Detalhes bibliográficos
Autor principal: Jankacká, Katarína
Formato: Capítulo de Livro
Idioma:eslovaco
Assuntos:
Tags: Adicionar Tag
Sem tags, seja o primeiro a adicionar uma tag!

MARC

LEADER 00000nla$a2200000$$$4500
001 0126239
005 20231207080758.3
041 0 |a slo 
044 |a SK 
245 1 0 |a Produktivita práce  |c Katarína Jankacká 
520 |a Produktivita práce je považovaná za ukazovateľ hospodárskeho rastu krajiny s najvyššou výpovednou schopnosťou. Slúži tiež ako indikátor pre porovnanie konkurencieschopnosti jednotlivých krajín, prípadne skupiny krajín. Poskytuje obraz efektivity procesov nielen na úrovni národohospodárskej, ale i odvetvovej, príp. podnikovej. Zvyšovanie produktivity možno docieliť dvoma spôsobmi. Prvým je cesta tzv. lacnej pracovnej sily, čiže úspora mzdových prostriedkov a pracovnej sily. Druhým spôsobom (spôsob zvyšovania konkurencieschopnosti vyspelých krajín) je cesta zavádzania inovácií do procesov výroby, zvyšovania znalostí pracovnej sily, orientácia na aktivity s vysokou pridanou hodnotou. Táto cesta zabezpečuje krajine trvalý a vyrovnaný hospodársky rast. 
610 2 0 |a produktivita práce 
610 2 0 |a konkurencieschopnosť 
610 2 0 |a rast hospodársky 
610 2 0 |a porovnanie medzinárodné 
610 2 0 |a výkonnosť 
610 2 0 |a sily pracovné 
610 2 0 |a náklady práce 
100 1 |a Jankacká, Katarína